[Event "HUN-ch U14"]
[Site "Balatonlelle"]
[Date "2019.06.24"]
[Round "4"]
[White "Torok, Csaba"]
[Black "Szalay Ocsak, Bank"]
[Result "0-1"]
[WhiteElo "1579"]
[BlackElo "1826"]
[PlyCount "38"]
[EventDate "2019.06.21"]
[EventType "swiss"]
[EventRounds "9"]
[EventCountry "HUN"]
[SourceTitle "CBM 191 Extra"]
[Source "ChessBase"]
[SourceDate "2019.09.30"]
[SourceVersion "1"]
[SourceVersionDate "2019.09.30"]
[SourceQuality "1"]

1. e4 c5 2. Nf3 Nf6 3. Nc3 d5 4. exd5 Nxd5 5. d4 Nxc3 6. bxc3 g6 7. Be3 Bg7 8. Qd2 Qa5 9. Be2 0-0 10. 0-0 Rd8 11. Bh6 Bh8 12. Qe3 Nc6 13. Ne5 Qa4 14. Nxc6 Qxc6 15. Bf3 cxd4 16. Qxe7 Re8 17. Bxc6 Rxe7 18. Rfe1 Be6 19. Bxb7 Rxb7 0-1

[Event "HUN-ch U14"]
[Site "Balatonlelle"]
[Date "2019.06.21"]
[Round "1"]
[White "Torok, Csaba"]
[Black "Daroczi, Donat"]
[Result "0-1"]
[WhiteElo "1579"]
[BlackElo "2050"]
[PlyCount "48"]
[EventDate "2019.06.21"]
[EventType "swiss"]
[EventRounds "9"]
[EventCountry "HUN"]
[SourceTitle "CBM 191 Extra"]
[Source "ChessBase"]
[SourceDate "2019.09.30"]
[SourceVersion "1"]
[SourceVersionDate "2019.09.30"]
[SourceQuality "1"]

1. e4 e6 2. d4 d5 3. Nc3 Nf6 4. e5 Nfd7 5. f4 c5 6. Nf3 Nc6 7. Be3 a6 8. Be2 b5 9. a3 Qb6 10. 0-0 cxd4 11. Bf2 Bc5 12. Na2 a5 13. Nc1 d3 14. Nxd3 Bxf2+ 15. Nxf2 Ba6 16. Kh1 0-0 17. Bd3 f6 18. exf6 Nxf6 19. Ng5 e5 20. fxe5 Nxe5 21. Bxh7+ Nxh7 22. Nxh7 Rxf2 23. Qxd5+ Kxh7 24. Qxa8 Bb7 0-1